MARC

LEADER 00000nam0a2200000 4500
001 360079
005 20250211063213.0
035 |a (RuTPU)RU\TPU\retro\17387 
035 |a RU\TPU\retro\17386 
090 |a 360079 
100 |a 20210306d1971 k y0rusy5003 ca 
101 0 |a rus 
102 |a RU 
105 |a y z 001zy 
200 1 |a Электромеханика  |e [тематический сборник]  |f Московский энергетический институт ; под ред. М. Г. Чиликина  |h Ч. 1 
210 |a Москва  |c Изд-во МЭИ  |d 1971 
215 |a 169 с.  |c табл., ил. 
225 1 |a Труды Московского энергетического института (МЭИ)  |v Вып. 86, ч. 1 
320 |a Библиогр. в конце ст. 
500 1 0 |a Труды Московского энергетического института  |9 88841 
606 1 |a Электромеханика  |2 stltpush  |3 (RuTPU)RU\TPU\subj\20251  |9 45364 
610 1 |a расчеты на ЭВМ 
610 1 |a электромеханические системы 
610 1 |a математическое моделирование 
610 1 |a планирование эксперимента 
610 1 |a обратные связи 
610 1 |a компенсация 
610 1 |a экскаваторы 
610 1 |a электроприводы 
610 1 |a шаговые электродвигатели 
610 1 |a колебательные свойства 
610 1 |a тиристорные преобразователи 
610 1 |a лебедки 
610 1 |a асинхронные двигатели 
610 1 |a вентильные каскады 
610 1 |a роторы 
610 1 |a синхронные двигатели 
610 1 |a характеристики 
675 |a 621.3  |v 3 
702 1 |a Чиликин  |b М. Г.  |4 340 
712 0 2 |a Московский энергетический институт  |c (1930-1992)  |3 (RuTPU)RU\TPU\col\20092  |9 27693 
801 0 |a RU  |b 63413507  |c 19950704  |g psbo 
801 1 |a RU  |b 63413507  |c 20060118  |g PSBO 
801 2 |a RU  |b 63413507  |c 20220208  |g PSBO 
942 |c BK